| 000 | 01234nam a2200313 a 4500 | ||
|---|---|---|---|
| 001 | ebr10728674 | ||
| 003 | CaPaEBR | ||
| 006 | m o u | ||
| 007 | cr cn||||||||| | ||
| 008 | 130717s2008 gw ad sb 001 0 eng d | ||
| 020 | _z9783868380071 | ||
| 020 | _z9783110327304 | ||
| 020 | _z9783110327571 (e-book) | ||
| 040 |
_aCaPaEBR _cCaPaEBR |
||
| 035 | _a(OCoLC)854568860 | ||
| 050 | 1 | 4 |
_aBJ1474 _b.A76 2008eb |
| 100 | 1 | _aArnold, Eckhart. | |
| 245 | 1 | 0 |
_aExplaining altruism _h[electronic resource] : _ba simulation-based approach and its limits / _cEckhart Arnold. |
| 260 |
_aFrankfurt : _bOntos Verlag, _c2008. |
||
| 300 |
_a310 p. : _bill. |
||
| 440 | 0 |
_aPractical philosophy ; _vBd. 11 |
|
| 504 | _aIncludes bibliographical references and index. | ||
| 533 |
_aElectronic reproduction. _bPalo Alto, Calif. : _cebrary, _d2013. _nAvailable via World Wide Web. _nAccess may be limited to ebrary affiliated libraries. |
||
| 650 | 0 |
_aAltruism _xComputer simulation. |
|
| 650 | 0 |
_aCooperativeness _xComputer simulation. |
|
| 655 | 7 |
_aElectronic books. _2local |
|
| 710 | 2 | _aebrary, Inc. | |
| 856 | 4 | 0 |
_uhttp://site.ebrary.com/lib/rucke/Doc?id=10728674 _zAn electronic book accessible through the World Wide Web; click to view |
| 999 |
_c151490 _d151490 |
||